000 00642nam a2200181Ia 4500
008 090630s9999 xx 000 0 und d
082 _b28081
100 _aगायकवाड सुरेश.
245 _aसाहित्य आस्वाद.
_cगायकवाड सुरेश.
260 _bकौशिक - सातारा.
300 _a104
600 _aगायकवाड सुरेश.
630 _aसाहित्य आस्वाद.
655 _aलघुकथा.
700 _aगायकवाड सुरेश.
730 _aसाहित्य आस्वाद.
942 _cBOOK
999 _c279937
_d279937